| 000 | 00513nam a2200193Ia 4500 | ||
|---|---|---|---|
| 005 | 20250515122521.0 | ||
| 008 | 240822s9999 xx 000 0 und d | ||
| 020 |
_a9781446299623 _qhbk |
||
| 041 | _aeng | ||
| 082 |
_a302.35 _bSTE |
||
| 100 | _aStephen | ||
| 245 | 0 |
_aOrganisational Misbehaviour _c/ Stephen |
|
| 250 | _a2nd edition | ||
| 260 |
_bSage Publications _c2022 _alondon |
||
| 300 |
_a354 _c21 cm |
||
| 504 | _aBib and Ref | ||
| 650 | _aCommunication, Mass Media And Journalism | ||
| 942 | _cENGLISH | ||
| 999 |
_c529306 _d529306 |
||